| 000 | 00000nam##2200000za#4500 |
| 001 | 9.605755 |
| 003 | CaOODSP |
| 005 | 20210624212257 |
| 007 | cr ||||||||||| |
| 008 | 150406|2001||||xxc|||||o f|0| 0 fre|d |
| 040 | |aCaOODSP|bfre |
| 043 | |an-cn--- |
| 086 | 1 |aSC91-4/2001F-PDF |
| 110 | 1 |aCanada.|bCentre canadien de gestion. |
| 245 | 14|aUne nouvelle gestion pour un nouvel état : |h[ressource électronique]|blibéral, social et républicain / |c[par] Luiz Carlos Bresser-Pereira. |
| 260 | |aOttawa - Ontario : |bCentre canadien de gestion |c2001. |
| 300 | |a41p. |
| 490 | 1 |aConférence John L. Manion |
| 500 | |aLe numéro de catalogue et l'ISBN de l'édition imprimée apparaissent dans la version électronique. |
| 590 | |a13-15-Supp|b2013-06-24 |
| 691 | 07|aAdministration publique|2gcpds |
| 691 | 07|aCongrès|2gcpds |
| 691 | 07|aGouvernement fédéral|2gcpds |
| 775 | 08|tA new management for a new state : |w(CaOODSP)9.576770 |
| 830 | #0|aConférence John L. Manion.|w(CaOODSP)9.501125 |
| 856 | 40|ahttp://publications.gc.ca|qPDF|s197 Ko|uhttps://publications.gc.ca/collections/Collection/SC91-4-2001F.pdf |